000 01239nam a2200361 a 4500
001 56073
003 BD-RjUL
005 20211209080341.0
008 161126s1961 enk b 000 1 eng
035 _a(BD-RjUL)56197
040 _aDLC
_cODaWU
_dOCoLC
_dCoCEC
_dBD-RjUL
_beng
041 _aeng
082 _223
_a823.5
_bFIJ 1965
100 1 _aFielding, Henry,
_d1707-1754.
_9166926
245 1 0 _aJoseph Andrews and Shamela /
_cHenry, Fielding,
260 _aLondon :
_bHoughton Mifflin,
_c1961-1965
300 _axliv, 370 p. ;
_c21 cm.
490 0 _aRiverside editions,
_vB53
600 1 0 _aRichardson, Samuel,
_d1689-1761.
_tPamela.
_9166938
650 0 _aYoung men
_vFiction.
_9166928
650 0 _aHousehold employees
_vFiction.
_9166929
650 0 _aMale friendship
_vFiction.
_9166930
650 0 _aSocial classes
_vFiction.
_9166931
650 0 _aClergy
_vFiction.
_9166932
651 0 _aEngland
_vFiction.
_9163449
655 7 _aAdventure fiction.
_2gsafd
_9166939
655 7 _aHumorous fiction.
_2gsafd
_9140892
655 7 _aBildungsromans.
_2gsafd
_9140893
700 1 _aBattestin, Martin C.,
_eed.
_9166934
700 1 _aFielding, Henry,
_d1707-1754.
_tShamela.
_9166935
942 _2ddc
_cBK
999 _c56073
_d56073